LEADER 00987nam0-22003251i-450- 001 990001362930403321 010 $a0-521-62512-2 035 $a000136293 035 $aFED01000136293 035 $a(Aleph)000136293FED01 035 $a000136293 100 $a20000920d1997----km-y0itay50------ba 101 0 $aeng 200 1 $aAnalytic number theory$fedited by Y. Motohashi 210 $aCambridge$cCambridge University Press$dc1997 215 $avi, [4], 382 p.$d23 cm 225 1 $aLondon Mathematical Society lecture note series$v247 610 0 $aTeoria analitica dei numeri$aCongressi 676 $a512.72 702 1$aMotohashi,$bY. 712 11$aTaniguchi International Symposium on Mathematics, 39., Kioto, Japan, May 13-17, 1996 801 0$aIT$bUNINA$gRICA$2UNIMARC 901 $aBK 912 $a990001362930403321 952 $aC-9-(247$b15822$fMA1 959 $aMA1 962 $a11-06 996 $aAnalytic number theory$980575 997 $aUNINA DB $aING01 LEADER 01025cam0 2200289 450 001 E600200066397 005 20200706154644.0 100 $a20100916d1987 |||||ita|0103 ba 101 $aita 102 $aIT 200 1 $aSegnavia$fMartin Heidegger$gcur. Friedrich-Wilhelm von Herrmann$ged. italiana a cura di Franco Volpi 210 $aMilano$cAdelphi$d1987 215 $aXIV, 522 p.$d23 cm 225 2 $aBiblioteca Filosofica$v3 410 1$1001LAEC00016045$12001 $a*Biblioteca Filosofica$v3 700 1$aHeidegger$b, Martin$3AF00018667$4070$010351 702 1$aHerrmann, Friedrich-Wilhelm von$3A600200052475$4070 702 1$aVolpi, Franco <1952-2009>$3AF00016879$4070 801 0$aIT$bUNISOB$c20200706$gRICA 850 $aUNISOB 852 $aUNISOB$j100$m52479 912 $aE600200066397 940 $aM 102 Monografia moderna SBN 941 $aM 957 $a100$b004351$gSi$d52479$racquisto$1massimo$2UNISOB$3UNISOB$420100916064243.0$520200706154632.0$6Alfano 996 $aWegmarken$927859 997 $aUNISOB